Estadísticas para Ciudades españolas por una sola pista

Haz click aquí para intentar la prueba.

Estadísticas generales

  • Esta prueba ha sido intentada 83 veces
  • La puntuación promedio es 7 de 15

Estadísticas de respuestas

PistaCiudad% Correcto
Ciudad donde podemos encontrar la AlhambraGranada
94%
Aquí se encuentra la Torre del OroSevilla
91%
Ciudad fundada por los cartagineses en la Península IbéricaCartagena
78%
Ciudad conocida por su famosa Catedral consagrada a un apóstolSantiago de Compostela
77%
Ciudad castellana homónima con una mexicanaGuadalajara
66%
La ciudad más antigua de EspañaCádiz
57%
Aquí se produjo un gran terremoto en 2011Lorca
52%
La conocidad como "Ciudad Encantada"Cuenca
51%
Ciudad con un palmeral denominado Patrimonio MundialElche
42%
Obras de Gaudí, fuera de CataluñaAstorga
23%
La ciudad con la población más envejecidaFerrol
23%
Ciudad que vio nacer al conquistador del Imperio AztecaTrujillo
23%
Ciudad en la cual se produjo una gran victoria contra Francia en el siglo XIXBailén
18%
Ciudad donde se halla la Escuela Naval Militar del Atlántico NorteMarín
16%
La ciudad con la población más jóvenElda
4%

Distribución de puntuación

Porcentaje por número respondido

Porcentaje de gente con cada puntuación

Historial de tus puntuaciones

No has intentado esta prueba.